00722 2200253 4500001002100000005001700021008004100038020001800079035002500097082001100122090001800133100001100151245008900162250001100251260003200262300003200294500003100326500001100357650003300368700001900401850001200420990001800432990001800450YOGYA-0209000003756420150304161803.0 ind  a979-8658-16-7 a0010-020900000037564 a100.72 a100.72bKae M aKAELAN aMetode penelitian kuantitatif bidang filsafatc/ Kaelan ; penyunting, Kaelan-Riyanto aCet. 1 aYogyakartabParadigmac2005 aix, 318 hlm.bilus.c21 cm. aBibliografi : hlm. 305-310 aIndeks aFilsafat - Metode penelitian aKaelan-Riyanto aYOPDYOG a10751-PD/B.05 a10752-PD/B.05